KOHA-Header-6

Dil ni mari Kuch Tum say Kha Hain (Record no. 7887)

000 -LEADER
fixed length control field 00275nam a2200109Ia 4500
100 ## - MAIN ENTRY--AUTHOR NAME
Personal name Sarwat Sultana Sarwat
245 #0 - TITLE STATEMENT
Title Dil ni mari Kuch Tum say Kha Hain
260 ## - PUBLICATION, DISTRIBUTION, ETC. (IMPRINT)
Place of publication Karachi
Name of publisher Ghazali
Year of publication 2000
300 ## - PHYSICAL DESCRIPTION
Number of Pages 144
942 ## - ADDED ENTRY ELEMENTS (KOHA)
Koha item type Books
Holdings
Withdrawn status Lost status Collection code Permanent Location Current Location Shelving location Date acquired Full call number Accession Number Koha item type
    Urdu Literature MAJU MAJU   2019-09-12 891.43 2165 Urdu Literature

Powered by Koha